| 000 | 005500000a22001690004500 | ||
|---|---|---|---|
| 003 | MACL | ||
| 005 | 20160220124933.0 | ||
| 008 | 160220b xxu||||| |||| 00| 0 eng d | ||
| 040 |
_aMACL _cmacl |
||
| 041 | _aHindi | ||
| 082 | _a370 | ||
| 100 |
_aइण्डियन _938684 |
||
| 245 | _aजनता कॉलिज की व्यवसथा औद कार्य | ||
| 260 |
_bइण्डियन एडल्ट एजूकेशन _c1955 _aनई दिल्ली |
||
| 650 |
_aEducation _939191 |
||
| 942 |
_cHIN _k370 _2ddc |
||
| 999 |
_c24756 _d24756 |
||